Latin Vocabulary Eduqas DVL 1 - Statistics

General Stats
  • This quiz has been taken 8 times
  • The average score is 6 of 42
Answer Stats
Hint Answer % Correct
amor love
100%
amicus friend
71%
ambulo walk
57%
aqua water
57%
annus year
57%
bene well
43%
antea before
29%
adfero bring
29%
bibo drink
29%
cado fall
29%
bonus good
29%
adiuvo help
29%
bellum war
29%
appareo appear
14%
accipio accept
0%
apud among, with, at the house of
0%
ac and
0%
atque and
0%
appropinquo approach
0%
advenio arrive
0%
ante before, in front of
0%
adsum be here, be present
0%
absum be out, be absent, be away
0%
audax brave
0%
ago do, act, drive
0%
aut... aut either or, either ... or, either ... or ...
0%
a, ab from, by
0%
abeo go away, depart
0%
aciddo happen
0%
audio hear, listen to
0%
beningnus kind, generous
0%
adduco lead to
0%
amo love, like
0%
aperio open
0%
alius other, another, else
0%
brevis short, brief
0%
ancilla slave girl, maid
0%
aliquis someone, something
0%
adeo so much, so greatly, go to, approach
0%
animus spirit, soul, mind
0%
aufero take away, carry off, steal
0%
ad to, towards, at
0%
No matching quizzes found
Score Distribution
Percent of People with Each Score
Percentile by Number Answered
Your Score History
You have not taken this quiz